Qsar and drug design : new developments and applications
Αποθηκεύτηκε σε:
| Άλλοι συγγραφείς: | |
|---|---|
| Μορφή: | Βιβλίο |
| Γλώσσα: | English |
| Δημοσίευση: |
Amsterdam :
Elsevier,
c1995.
|
| Σειρά: | Pharmacochemistry library ;
23 |
| Θέματα: | |
| Ετικέτες: |
Προσθήκη ετικέτας
Δεν υπάρχουν, Καταχωρήστε ετικέτα πρώτοι!
|
MARC
| LEADER | 00000cam a2200000 i 4500 | ||
|---|---|---|---|
| 001 | 1/63501 | ||
| 008 | 960315s1995 ne ||| ||eng|| | ||
| 020 | |a 044488615X | ||
| 035 | |a 1995 |c ΜΑΡΟΥΛΗΣ |l 10046799 | ||
| 040 | |a GR-MyUA |b gre |e AACR2 | ||
| 041 | 0 | |a eng | |
| 082 | 0 | |a 615.19 | |
| 245 | 1 | 0 | |a Qsar and drug design : |b new developments and applications / |c edited by Toshio Fujita. |
| 260 | |a Amsterdam : |b Elsevier, |c c1995. | ||
| 300 | |a 493 σ. ; |c 25 εκ. | ||
| 490 | 1 | |a (Pharmacochemistry library |v ; 23) | |
| 500 | |a "Based on topics presented at the Annual Japanese (Quantitative) Structure-Activity Relationship Symposium and the Biennial China-Japan Drug Design and Development Conference." | ||
| 505 | 0 | |a Περιέχει βιβλιογραφικές αναφορές και ευρετήριο. | |
| 650 | 0 | 0 | |a Drugs |x Structure-activity relationships |x Congresses. |
| 650 | 0 | 0 | |a QSAR (Biochemistry) |x Congresses. |
| 650 | 0 | 0 | |a Drugs |x Design |x Congresses. |
| 700 | 1 | |a Fujita, Toshio |d 1929- |e edt | |
| 830 | 0 | |a Pharmacochemistry library ; |v 23 | |
| 852 | |a INST |b SAMOS |e 19960315 |h 615.19 QSA |p 005300010063 |q 005300010063 |t BK |y 0 | ||
| 909 | |a Σ |b 043333 | ||